FC 26 Ultimate Scream - Statistics

General Stats
  • This quiz has been taken 14 times
  • The average score is 7 of 70
Answer Stats
rat pos club plaery % Correct
Ultimate Scream 90 RW Paris Saint-Germain Ousmane Dembélé
86%
Ultimate Scream 90 ST Real Madrid Vinicíus Júnior
71%
Ultimate Scream 89 RB Bayern Munich Joshua Kimmich
57%
Ultimate Scream 88 ST AS Roma Paulo Dybala
57%
Ultimate Scream 87 ST Manchester United Bryan Mbeumo
43%
Ultimate Scream 86 ST AC Milan Rafael Leão
43%
Ultimate Scream 87 CAM Atlético Madrid Antoine Griezmann
29%
Ultimate Scream 87 CAM AC Milan Christian Pulisic
29%
Ultimate Scream 86 CAM Al-Ittihad Karim Benzema
29%
Ultimate Scream 89 CAM Arsenal Women Mariona
29%
Ultimate Scream Hero 89 LW Serie A Antonio Di Natale
14%
Ultimate Scream Hero 87 CM Ligue 1 Blaise Matuidi
14%
Ultimate Scream Hero 88 CDM Serie A Clàudio Marchisio
14%
Ultimate Scream 89 RW KC Current Debinha
14%
Ultimate Scream 84 CAM Real Salt Lake Diego Luna
14%
Ultimate Scream 84 CB Strasbourg Guéla Doué
14%
Ultimate Scream Hero 89 CDM La Liga Javier Mascherano
14%
Ultimate Scream 86 LW Al-Nassr João Félix
14%
Ultimate Scream Hero 88 ST MLS Jorge Campos
14%
Ultimate Scream 86 ST/RW FC Barcelona Marcus Rashford
14%
Ultimate Scream 85 CM Arsenal Myles Lewis-Skelly
14%
Ultimate Scream 86 CDM/CAM AS Monaco Paul Pogba
14%
Ultimate Scream 87 CM Manchester City Phil Foden
14%
Ultimate Scream Hero 86 ST Saudi Pro League Saeed Al Owairan
14%
Ultimate Scream 88 LB PSG Féminine Sakina Karchaoui
14%
Ultimate Scream 86 ST Vancouver Whitecaps Thomas Müller
14%
Ultimate Scream Hero 88 CM Premier League Yaya Touré
14%
Ultimate Scream 84 ST Al-Shabab Abdulaziz Al Othman
0%
Ultimate Scream 84 LB Girona Alejandro Francés
0%
Ultimate Scream 85 CAM Athletic Bilbao Álex Berenguer
0%
Ultimate Scream 84 RM Al-Shabab Ali Makki
0%
Ultimate Scream 84 ST Leverkusen Frauen Carlotta Wamser
0%
Ultimate Scream 84 CB Washington Spirit Casey Krueger
0%
Ultimate Scream 84 CM Borussia Dortmund Daniel Svensson
0%
Ultimate Scream 84 RB Mainz 05 Danny Da Costa
0%
Ultimate Scream 84 CB Wrexham Dan Scarr
0%
Ultimate Scream 84 CAM Alavés Denis Suárez
0%
Ultimate Scream 84 LM Strasbourg Féminines Eseosa Aigbogun
0%
Ultimate Scream 85 CB ASSE Féminines Faustine Bataillard
0%
Ultimate Scream Hero 87 RM Premier League Freddie Ljungberg
0%
Ultimate Scream 86 LM Man United Fridolina Rölfo
0%
Ultimate Scream 85 CAM Frankfurt Frauen Geraldine Reuteler
0%
Ultimate Scream 84 CM Charlton Athletic Ibrahim Fullah
0%
Ultimate Scream 84 CDM FC Fleury 91 Inès Jaurena
0%
Ultimate Scream 84 LM Blackburn Rovers Jake Batty
0%
Ultimate Scream 84 CB Burton Albion Jasper Moon
0%
Ultimate Scream 85 CAM Eintracht Frankfurt Jean-Mattéo Bahoya
0%
Ultimate Scream 86 RW Liverpool Jeremie Frimpong
0%
Ultimate Scream 85 CB Juventus Juan Cabal
0%
Ultimate Scream 86 RB Atalanta Juan Cuadrado
0%
Ultimate Scream 85 CDM Wolves Ladislav Krejčí
0%
Ultimate Scream 86 ST Wolfsburg Frauen Lineth Beerensteyn
0%
Ultimate Scream 84 LM Carl Zeiss Jena Frauen Lisa Gora
0%
Ultimate Scream 84 CB Coventry City Luke Woolfenden
0%
Ultimate Scream 85 RW Brighton Women Madison Haley
0%
Ultimate Scream Hero 88 CM Serie A Marek Hamšík
0%
Ultimate Scream 86 CAM Bayer Leverkusen Nathan Tella
0%
Ultimate Scream 84 RM Charlotte FC Nick Scardina
0%
Ultimate Scream 85 CB RB Leipzig Nicolas Seiwald
0%
Ultimate Scream 84 CM Austin FC Owen Wolff
0%
Ultimate Scream 85 CM Real Betis Pablo Fornals
0%
Ultimate Scream Hero 87 CAM Premier League Park Ji Sung
0%
Ultimate Scream Hero 89 ST La Liga Paulo Futre
0%
Ultimate Scream Hero 87 CAM Premier League Peter Crouch
0%
Ultimate Scream 85 CAM Napoli Romelu Lukaku
0%
Ultimate Scream 85 RB Marseille Timothy Weah
0%
Ultimate Scream 84 RW Köln Frauen Vanessa Leimenstroll
0%
Ultimate Scream Hero 89 LM Serie A Wesley Sneijder
0%
Ultimate Scream 85 LM Al-Shabab Yannick Carrasco
0%
Ultimate Scream 84 CM DUX Lugroño Zoe Matthews
0%
No matching quizzes found
Score Distribution
Percent of People with Each Score
Percentile by Number Answered
Your Score History
You have not taken this quiz